| 000 | 00649nam a22002057a 4500 | ||
|---|---|---|---|
| 003 | OSt | ||
| 005 | 20260224053152.0 | ||
| 008 | 260224b |||||||| |||| 00| 0 eng d | ||
| 020 | _a978-1-59339-389-2 volume | ||
| 040 |
_aDWCL-Main Lib _cOC |
||
| 082 | _aGR. 597 B862 2008 | ||
| 110 |
_aENCYCLOPAEDIA BRITANICA _eCorporate Author |
||
| 245 | _aBritania illustrated science library : fish and amphibians / | ||
| 300 |
_a100 p. : _bill. ( col. ) ; _c27 cm. |
||
| 504 | _a1. Includes glossary and index. | ||
| 650 | _aAmphibians. | ||
| 650 | _aPisces (Fishes) - cold blooded vertebrates. | ||
| 650 | _aPisces (Fishes). | ||
| 942 |
_2ddc _cGR _mGR. _n0 |
||
| 999 |
_c8519 _d8519 |
||